000 00633cab a2200205 4500
001 ABS39185
008 090401t1988 xxu||||| |||| 00| 0 eng d
035 _a(Sirsi) u14889
041 _aeng
100 _aFreeman, D.J.
245 _aWhy council cash controls can concern developers too
260 _c1988
350 _a0
490 _aEstates Times
_vNo 945 20 May 1988, 15(1)
520 _aA brief article which outlines some of the main factors for developers involved in local authority capital expenditure control.
650 _aSALE AND LEASEBACK
690 _aECONOMIC AND SOCIAL
942 _n0
948 _c04/03/1997
999 _c9719
_d9719